Geography Quiz

Random Geography or World Quiz

Countries and World Capitals with Q or X Quiz Stats

 Plays Quiz not verified by Sporcle

Support Sporcle.
Go Orange.
Score 0/9 Timer 02:00
0 Plays Today
Hint Answer % Correct
X CountryLuxembourg
97.8%
X CountryMexico
97.8%
X CapitalLuxembourg
97.8%
Q CountryQatar
97.8%
Q CapitalQuito
95.6%
X CapitalMexico City
93.3%
Q CountryEquatorial Guinea
86.7%
Q CountryMozambique
86.7%
Q CountryIraq
77.8%

You're not logged in!

Compare scores with friends on all Sporcle quizzes.
OR
Log In
Forgot?

From the Vault

You Know, THAT Guy (Actor Roles)

by Hejman

You know the guy who is in all the movies, the one with the face. That's the one we're talking about.
Remove Ads.
Support Sporcle.
Get the best of Sporcle when you Go Orange. This ad-free experience offers more features, more stats, and more fun while also helping to support Sporcle. Thank you for becoming a member.

Show Comments

Extras

Top Quizzes Today


Score Distribution

Your Account Isn't Verified!

In order to create a playlist on Sporcle, you need to verify the email address you used during registration. Go to your Sporcle Settings to finish the process.

Report this User

Report this user for behavior that violates our Community Guidelines.

Details: